[Event "Santo Domingo op"]
[Site "Santo Domingo"]
[Date "2017.04.07"]
[Round "4"]
[White "Nova Ramirez, Presley Eury"]
[Black "Ferreras Reyes, Oscar Halbey"]
[Result "1/2-1/2"]
[WhiteElo "1819"]
[BlackElo "1979"]
[PlyCount "28"]
[EventDate "2017.04.01"]
[EventType "swiss"]
[EventRounds "7"]
[EventCountry "DOM"]
[SourceTitle "CBM 177 Extra"]
[Source "ChessBase"]
[SourceDate "2017.04.27"]
[SourceVersion "1"]
[SourceVersionDate "2017.04.27"]
[SourceQuality "1"]

1. e4 c5 2. c3 Nc6 3. Nf3 g6 4. d4 cxd4 5. Nxd4 Bg7 6. Be3 d6 7. Bb5 Bd7 8. Bxc6 bxc6 9. 0-0 Nf6 10. Qd2 Ng4 11. Nf3 0-0 12. h3 Nxe3 13. Qxe3 Qb6 14. Qxb6 axb6 1/2-1/2